Espresso - Sabrina Carpenter (All Lyrics) - Statistics

General Stats
  • This quiz has been taken 2,687 times
  • The average score is 257 of 330
Answer Stats
Answer % Correct
I
99%
me
97%
a
95%
espresso
95%
so
94%
that
94%
That
94%
he
93%
you
92%
it
91%
oh
91%
Oh
91%
Is
89%
guess
88%
My
88%
my
88%
sweet?
87%
'bout
86%
do
86%
know
86%
thinkin'
86%
can't
85%
to
84%
night
83%
And
82%
and
82%
baby
82%
every
82%
Now
82%
on
81%
That's
81%
this
81%
for
80%
he's
79%
sleep
79%
I'm
77%
relate
75%
boy
74%
your
74%
ex
73%
got
73%
late
73%
Say
73%
singer
73%
up
73%
vacation
73%
are
72%
'cause
72%
desperation
72%
'give
72%
like
72%
working
72%
ya
72%
won't
70%
calling
69%
Nintendo
69%
stop
69%
bad
68%
don't
68%
down
68%
one
68%
One
68%
Too
68%
finger
67%
fucks'
66%
right
66%
Switch
66%
left
65%
cute
64%
looks
63%
wrapped
62%
honey
61%
When
61%
bee
60%
'round
59%
get
58%
way
57%
come
56%
him
55%
humor
55%
twisted
55%
act
54%
Move
54%
pollen
54%
often
53%
coffee
52%
in
52%
'em
48%
they
48%
skin
47%
make
46%
Soft
46%
laugh
44%
perfumed
44%
brand
43%
brewed
43%
came
42%
dream
42%
morning
40%
Mountain
39%
Walked
39%
Dew
38%
touch
38%
newed
35%
trued
33%
No matching quizzes found
Score Distribution
Percent of People with Each Score
Percentile by Number Answered
Your Score History
You have not taken this quiz